000 00695nam a2200289Ia 4500
005 20260324144141.0
008 008 260324s9999 xx 000 0 eng d
020 _a9781003066316
037 _aEBOOK
040 _aCRL
040 _beng
040 _cCRL
041 _2eng
041 _aeng
084 _qCRL
100 _aNobuo Nagai
_91218269
245 0 _aLinear Circuits
245 0 _bSystems and Signal Processing: Advanced Theory and Applications
260 _bTaylor and Francis
260 _c1989
365 _a
365 _b600
856 _uhttp://www.taylorfrancis.com/books/9781003066316
942 _cEBOOK
999 _c1824511
_d1824511